000 nam a22 7a 4500
999 _c7889
_d7889
008 171107b xxu||||| |||| 00| 0 eng d
100 _aGupta.P.
_94358
245 _aMathematics-Xi
260 _aNew Delhi
_bL.P.
_c2009